| 000 | 00369nam a2200145Ia 4500 | ||
|---|---|---|---|
| 008 | 230917s9999||||xx |||||||||||||| ||und|| | ||
| 040 |
_e115707 _aMAIN |
||
| 041 | _aEnglish | ||
| 082 | _a810.9 M72M | ||
| 100 | _aMittalli, Rajeshwar, ed. | ||
| 245 | 0 | _aModern American literature | |
| 260 |
_aNew Delhi _bAtlantic Publishers _c2007 |
||
| 300 | _a235 p. | ||
| 942 | _cBK | ||
| 999 |
_c146168 _d146168 |
||